000 00627nam a2200181 i 4500
001 26245
003 ES-MaACL
005 20251012063040.0
007 t|
008 030108s1945 sp ||||1| spa d
100 1 _aÁlvarez Delgado, Juan,
_d1900-1987
_920793
245 1 4 _aLas canciones populares canarias /
_cJuan Alvarez Delgado.
260 _a[La Laguna] :
_bInstituto de Estudios Canarios,
_c1945.
300 _aP. 113-126, [5] lám. ;
_c24 cm.
500 _aEs separata de: Tagoro: Anuario del Instituto de Estudios Canarios, nº 1, 1944.
852 _aES-MaACL
_j1981-F-9
_bR.37004
999 _c26245
_d26245